Κατάλογος Βιβλιοθηκών Mediterranean College

Στοιχεία Εργατικής Νομοθεσίας / Για τους Σπουδαστές Επαγγελματικών Σχολών (Record no. 2076)

MARC details
000 -LEADER
fixed length control field 01290cam a22001814a 4500
005 - ΗΜΕΡΟΜΗΝΙΑ ΚΑΙ ΩΡΑ ΤΕΛΕΥΤΑΙΑΣ ΕΝΗΜΕΡΩΣΗΣ
Πεδίο ελέγχου 20250605164030.0
008 - FIXED-LENGTH DATA ELEMENTS--GENERAL INFORMATION
Πεδίο ελέγχου σταθερού μήκους 250528s ||||||||||||||||||||||||d
035 ## - SYSTEM CONTROL NUMBER
System control number 16593
040 ## - ΠΗΓΗ ΚΑΤΑΛΟΓΟΓΡΑΦΗΣΗΣ
Φορέας πρωτότυπης καταλογογράφησης MC Athens Campus Library
Γλώσσα καταλογογράφησης Ελληνικά, Μοντέρνα (1453-)
Modifying agency MC Athens Campus Library
Κανόνες περιγραφικής καταλογογράφησης AACR2
245 1# - ΤΙΤΛΟΣ ΚΑΙ ΔΗΛΩΣΗ ΥΠΕΥΘΥΝΟΤΗΤΑΣ
Τίτλος Στοιχεία Εργατικής Νομοθεσίας / Για τους Σπουδαστές Επαγγελματικών Σχολών
260 ## - PUBLICATION, DISTRIBUTION, ETC.
Name of publisher, distributor, etc. Θεσσαλονίκη,
Date of publication, distribution, etc. 1981
300 ## - PHYSICAL DESCRIPTION
Extent 176
520 ## - SUMMARY, ETC.
Summary, etc. Σύμβαση Εργασίας, Κανονισμοί Εργασίας, Μισθωτοί, Εργοδότες, Διαδικασία Προσλήψεως - Απολύσεως Μισθωτών, Ασθένεια, Εργατικό Ατύχημα, Τοκετός, Απεργία, Διαθεσιμότητα, Ανεργία, Στράτευση, Άδεια - Επίδομα Άδειας Μισθωτών, Χρονικά Όρια Εργασίας, Υπερεργασία, Υπερωρίες, Εβδομαδιαία Ανάπαυση, Ημέρες Αργίας, Εξαιρέσιμες Εορτές, Νυκτερινή Εργασία, Οδοιπορικά Έξοδα,Μισθός - Έννοια, Τρόπος Υπολογισμού κ.λ.π.
700 1# - ΠΡΟΣΘΕΤΗ ΑΝΑΓΡΑΦΗ--ΦΥΣΙΚΟ ΠΡΟΣΩΠΟ
Personal name Λαναράς Κων. Δ
9 (RLIN) 2682
942 ## - ADDED ENTRY ELEMENTS (KOHA)
Koha item type Books
Holdings
Τύπος τεκμηρίου Βιβλιοθήκη Τρέχουσα τοποθεσία Barcode Αριθμός εισαγωγής Ημερομηνία απόκτησης Ταξιθετικό σύμβολο Αριθμός αντιτύπου Κατάσταση απόσυρσης Κατάσταση χαμένου Κατάσταση κατεστραμμένου Μη δανεισμός Σύνολο δανεισμών Ημερομηνία τελευταίας εμφάνισης Η τιμή ισχύει από
Books MC Athens Campus Library MC Athens Campus Library 9780000020758 4298 05/06/2025 343.07864794 LAN 1           05/06/2025 05/06/2025

MC Athens Campus Library
Πατησίων 94 & Κοδριγκτώνος 13, 104 34
Πελλήνης 8 & Πατησίων 107, 112 51
Τ: +30 210 8899600

MC Thessaloniki Campus Library
Ίωνος Δραγούμη 21, 54625 | Ίωνος Δραγούμη 15, 54625
Τ: +30 2310 287779 – Τ: +30 2314 440300